Programas ministeriales. Año 1979
Salvato in:
| Ente Autore: | |
|---|---|
| Natura: | Libro |
| Lingua: | spagnolo |
| Pubblicazione: |
Santiago
Presidencia de la República
1979
|
| Soggetti: | |
| Tags: |
Aggiungi Tag
Nessun Tag, puoi essere il primo ad aggiungerne!!
|
MARC
| LEADER | 00000nam a2200000 a 4500 | ||
|---|---|---|---|
| 001 | UCS0727 | ||
| 003 | CL-VaPUC | ||
| 008 | 970426e19790000CL |||||||||||||||||spa|d | ||
| 082 | 0 | 4 | |a 342.064 |b PRE |2 21 |
| 110 | 2 | |a Presidencia de la República |e author |9 384555 | |
| 245 | 1 | 0 | |a Programas ministeriales. Año 1979 |
| 300 | |a 215 p | ||
| 942 | |c BK | ||
| 945 | |d 19970426 00:00:00 |a lriquelm | ||
| 260 | |a Santiago |b Presidencia de la República |c 1979 | ||
| 650 | 7 | |a ORGANIZACION ADMINISTRATIVA |2 CL-VaPUC |9 257438 | |
| 650 | 0 | |a Administración pública |9 255343 | |
| 651 | 7 | |a CHILE |2 CL-VaPUC |9 384556 | |
| 583 | |a last modification |c 19970426 00:00:00 |k Rodrigo Vera | ||
| 999 | |c 258944 |d 258942 | ||
| 952 | |0 0 |1 0 |4 0 |6 342_064000000000000_PRE_1979 |7 0 |8 P |9 283372 |a BIBDER |b BIBDER |d 2019-11-19 |i 1956272 |o 342.064 PRE 1979 |p 1956272 |r 2023-01-25 |w 2019-11-19 |y BK |k DER | ||